000 00573nam a2200217 a 4500
001 BRCA_3937
005 20190320204501.0
008 110110s1939----mx-a######---#000-0#spa-#
041 _aspa
044 _amx
050 4 _aNA753
_b.T68 1939
100 1 _aToussaint, Manuel
_d1895-1955.
_910075
245 1 0 _aPaseos coloniales
_cManuel Toussaint.
260 _aMéxico
_bImp. Universitaria
_c1939
300 _a218 p.
_bil.
_c29 cm.
500 _aC88
650 1 4 _aArquitectura
_eHistoria
_95213
650 1 4 _aArquitectura
_eMéxico
_95213
902 _aGFM
942 _2lcc
_cB
999 _c3664
_d3664